Piłkarskie Speeling Bee - Statystyki

Ogólne statystyki
  • Ten quiz został rozwiązany 74 razy
  • Średni wynik to 5 z 10
Statystyki odpowiedzi
Hint Odpowiedź % Poprawnych
Dżoszua Kimycz Joshua Kimmich
93%
Hapael Gerejro Raphael Guerreiro
76%
Flohian Tovę Florian Thauvin
70%
Nabaj Kita Naby Keita
66%
Alan Degojew Alan Dzagoev
47%
Dżejms Makklejn James McClean
34%
Flohian Nidehlehne Florian Niederlechner
26%
Waler Żermę Valere Germain
21%
Walentą Ronżi Valentin Rongier
16%
Timoti Kastań Thimothy Castagne
7%
Nie znaleziono quizów pasujących do podanych kryteriów
Rozkład punktacji
Procent ludzi z każdym wynikiem
Percentyl według liczby udzielonych odpowiedzi
Twoja historia wyników
Nie rozwiązałeś tego quizu